MDQL
is popping MORE tags! Check the
thread
!
Quizzes
Events
Quiz Creation
Community
Videos
Private Events
Remove Ads
Sign In
Join for FREE
Feedback
Dark Mode
Quiz Categories
Sports
Geography
Music
Movies
Television
Just For Fun
Miscellaneous
History
Literature
Language
Science
Gaming
Entertainment
Religion
Holiday
For Kids
Quiz Lab
Recent
Popular Today
Quiz Kudos Today
Editor Picks
Curator Picks
Quizzes by...
Day
Popularity
Type
Ratings
Length
Year
Community
Subscriptions
Recent Discussions
Orange Saloon
Badges
Playlists
Quests
Create
Leaderboards
Showdown
Live 5
Trivia Bingo
Activity
Puzzle Library
Sporcle Events
Private Events
Virtual Trivia
Globe League
Become a Host
Pub Owners
SporcleCon
Opinionation
Our Games
Videos
Blog
Mobile Apps
Partnerships
Remove Ads and Go Orange
Feedback
Television
TV Characters
TV Show
Sitcom
Network
Friends
Reality Shows
Cast
South Park
Star Trek
The Simpsons
Doctor Who
Television
TV Characters
TV Show
Sitcom
Network
Friends
Reality Shows
Cast
South Park
Star Trek
The Simpsons
Doctor Who
Random Quiz
Search Sporcle
×
Quiz Lab
Quiz Lab
Television
threat
Type in answers that appear in a list
Type in answers that appear in a list
Classic
Best Score? Go Orange.
Cast of Threat Level Midnight Stats
Can you name the Cast of Threat Level Midnight?
By
Basaka
7m
23 Questions
306 Plays
306 Plays
306 Plays
Comments
Comments
Give Quiz Kudos
Give Quiz Kudos
-
- Ratings
hide this ad
More Info
Forced Order
Answers have to be entered in order
Answers have to be entered in order
Replay
Link that replays current quiz
Next Quiz
Link to next quiz in quiz playlist
You Got
0%
They Got
Avg Score
73%
Avg Friend Score
Upgrade to see
Score Distribution
Jump to the score distribution portion of the page
Score
0/23
Timer
07:00
0
Plays Today
Character
Actor
% Correct
Agent Michael Scarn
Michael Scott
97.7%
Goldenface
Jim Halpert
94.1%
Cherokee Jack
Creed Bratton
86.3%
President Jackson
Darryl Philbin
85.3%
Billy the Bartender
Andy Bernard
84%
Speed Skater
Oscar Martinez
83.7%
Samuel Chang
Dwight Schrute
83.3%
Hostage #1 (female, three letter first name)
Pam Beesly
83.3%
Jasmine Windsong (Singer)
Jan Levinson
81.4%
Hostage #4 (gets head blown off)
Toby Flenderson
81%
Hostage #3 (accounting)
Kevin Malone
80.7%
Narrator
Stanley Hudson
76.8%
Character
Actor
% Correct
Bachelorette #1 (Tight-
Ass Award winner)
Angela Martin
74.5%
Bachelorette #3 (guest star)
Karen Fillipeli
70.3%
Hostage #2 (warehouse)
Roy Anderson
68.6%
Hostage #5 (female, five letter first name)
Kelly Kapoor
68.3%
Local Drunk
Todd Packer
68%
Olympic Coach
Ryan Howard
68%
Nurse
Helene Beesly
67.6%
Bachelorette #2 (Trash)
Meredith Palmer
66.7%
Bride
Phyllis Vance
58.5%
Henchman (Fires the Dart)
Troy Underbridge
34.3%
Piano Player
Tony Gardner
26.1%
Quiz Playlist
Details
Report
Send in Message
Add To Playlist
More Info:
Name the character from "The Office (US)", not the real actor or actress.
Classic:
Type in answers that appear in a list
Forced Order:
Answers have to be entered in order
Last Updated: Feb 16, 2017
Quiz Scoreboard
CHALLENGE
Sign Up to Join the Scoreboard
Show All
Scores
Hide
Comments
May contain spoilers
Recently Published
1-10 Letter E Words III
by El_Dandy
Language
2m
Street Fighter Characters
by Artimus82
Gaming
60s
College Basketball Coaching Resumes
by pancakes188
Sports
9m
More to Explore
Quiz From the Vault
Featured Blog Post
Where Did the Easter Bunny Come From?
hide this ad
You Might Also Like...
Tags
Level
midnight
The Office
threat
Today's Top Quizzes in Television
Browse Television
hide this ad
Top Contributed Quizzes in Television
1
Survivor Journey Challenge
2
Adjectives in 80s TV Shows
3
5-to-1: The Simpsons Families
4
Adjectives in 00s TV Shows
5
5-to-1: Television Doctors
6
Adjectives in 10s TV Shows
7
7-to-1: TV Show Settings
8
5-to-1: Streaming Originals
9
Adjectives in 70s TV Shows
10
Survivor Seasons
Explore More
Trending Topics
Marvel
NBA
Disney
Crossword
Harry Potter
Anime
Kpop
Song
Country
NFL
WWE
Soccer
Pokémon
Puzzle
The Office
hide this ad
More By:
Basaka
Quiz
Plays
Rating
Category
Featured
Created
South Park Characters by Number of Lines (Seasons 1-3)
6,261
4.23
Television
Jun 6, 2014
Office (US) Characters by Number of Lines (All Seasons)
5,293
4.43
Television
Jul 5, 2013
The Office (US): Number of Lines (Season 1)
2,257
4.29
Television
Jul 2, 2013
South Park Characters by Number of Lines (Seasons 4-6)
1,705
4.79
Television
Jun 7, 2014
The Office (US): Number of Lines (Season 2)
1,481
4.50
Television
Jul 5, 2013
Go to Creator's Profile
Score Distribution
Quiz Creator Spotlight
Basaka
Follow
Send a Message
Quizzes Created
-
Created Quiz Play Count
-
More By This Creator
Popular Quizzes Today
1
Find the US States - No Outlines Minefield
2
Find the Countries of Europe - No Outlines Minefield
3
The Countries of the World
4
Find the US States
5
Risky Map Clicking: Biggest States A-Z
6
US States
7
Popular People in 1961
8
Movies - When Are They Set?
More Television Quizzes
The Office: Season 3 Episode 8: The Merger
Quiz Lab
Trending Quizzes
Risky Map Clicking: Least Populous States A-Z
Billboard Blitz: Aretha Franklin
Famous Russians: Author or Composer?
Countries of the World: 200 Million BC
1-10 Letter G Words
Recently Updated
Leaping Animals
pecheneg
Reality TV Shows (A-Z)
bhenderson79
Rickey Henderson's Hall of Fame Teammates
pecheneg
Champions League XIs: Arsenal
pecheneg
Quick Pick: Celebrities in WWE's Hall of Fame
aduchscher
A-Z Keypad Blitz II
pecheneg
Multiple Oscar Actors
pecheneg
Mystery Phrase Blitz: Oscar 'Best Actors'
pecheneg
F. Scott Fitzgerald Novels
LTH
Pick 3 Villains
ddd62291
Trending Topics
Disney
NBA
Marvel
Anime
Kpop
Harry Potter
Crossword
Song
Country
WWE
Puzzle
NFL
The Office
Pokémon
Soccer
Your Account Isn't Verified!
In order to create a playlist on Sporcle, you need to verify the email address you used during registration. Go to your
Sporcle Settings
to finish the process.
Report this User
Report this user for behavior that violates our
Community Guidelines
.
Details:
Send Report
Go to the Sporcle.com Mobile Site →
Comments